| 000 | 00428nam a22001457a 4500 | ||
|---|---|---|---|
| 020 | _a0195154517 | ||
| 040 | _cNust | ||
| 082 |
_a620.106 _bSHA |
||
| 100 |
_aJr, Shaughnessy.J Edward: _9123431 |
||
| 110 |
_akatz, .M Ira, Schaffer,. P James _9123432 |
||
| 245 | _aIntroduction to Fluid Mechanics | ||
| 260 |
_aNew York: _bOxford university Press, _c2005. |
||
| 650 |
_aIntroduction to Fluid Mechanics _9123433 |
||
| 942 |
_2ddc _cBK |
||
| 999 |
_c609625 _d609625 |
||